000 00827cab a2200229 4500
001 WB3131-79
008 090401t1995 xxu||||| |||| 00| 0 eng d
035 _a(Sirsi) u52052
041 _aeng
245 _aCluttons defend SW7 estate sale
260 _c1995
350 _a0
490 _aProperty Week
_v52(7/8) 17 August 1995, 17(1)
520 _aCluttons have denied acting inappropriately in the handling of the sale of Henry Smith Charities` Kensington Estate, after allegations that the tenants had not been given sufficient time to confirm their wish to buy.
650 _aHENRY SMITH CHARITIES
650 _aLANDLORD AND TENANT ACT 1987 S12
650 _aRESIDENTIAL SALE
650 _aWELLCOME TRUST
690 _aMANAGEMENT-BUSINESS MANAGEMENT-PROFESSIONAL PRACTICE
942 _n0
948 _c04/03/1997
999 _c32290
_d32290